| 000 | 00353 a2200157 4500 | ||
|---|---|---|---|
| 001 | 74299 | ||
| 020 | _a | ||
| 040 | _cAnchieta - Colégio São Paulo | ||
| 100 | _aWalty, Ivete | ||
| 240 | 1 | 0 |
_aTeoria da Literatura na escola _lpor |
| 245 | 1 | 0 | _aTeoria da Literatura na escola |
| 300 | _a116 | ||
| 362 | 0 | _a1992 | |
| 650 | 4 | _aEducação | |
| 942 | _cBK | ||
| 999 |
_c74299 _d74299 |
||